Los militares en la política y la economía de Venezuela/
Gespeichert in:
| 1. Verfasser: | |
|---|---|
| Format: | Buch |
| Sprache: | Spanish |
| Tags: |
Tag hinzufügen
Keine Tags, Fügen Sie den ersten Tag hinzu!
|
MARC
| LEADER | 00000nam a22000007a 4500 | ||
|---|---|---|---|
| 003 | cru CIDCACS/IIS | ||
| 005 | 20180525140729.0 | ||
| 007 | ta | ||
| 008 | 180524s2018 ag |||p|r||||||0| ||spa|d | ||
| 999 | |c 41463 |d 41463 | ||
| 040 | |c cru CIDCACS/IIS | ||
| 100 | 1 | |9 7257 |a Francine Jácome | |
| 245 | 1 | 4 | |a Los militares en la política y la economía de Venezuela/ |c Francine Jácome |
| 300 | |a páginas 119-128 | ||
| 773 | 0 | |0 19022 |9 2032 |a Fundación Friedrich Ebert |d Fundación Friedrich Ebert; Nueva Sociedad |o 18799 |t Nueva Sociedad / | |
| 942 | |2 ddc |c PP | ||
